| 000 | 00583nam a2200121Ia 4500 | ||
|---|---|---|---|
| 008 | 220620s9999||||xx |||||||||||||| ||und|| | ||
| 100 | _aKutnjak Ivković, Sanja||Maskály, Jon||Kule, Ahmet||Haberfeld, Maria Maki | ||
| 245 | 0 | _aPolice Code of Silence in Times of Change | |
| 546 | _aEnglish[eng] | ||
| 650 | _aPolice code of silence||police integrity||Police legitimacy||police culture||police misconduct||procedural justice||police reform||defund the police||Open Access | ||
| 856 | _uhttps://library.oapen.org/bitstream/20.500.12657/54025/1/978-3-030-96844-1.pdf | ||
| 942 | _cEB | ||
| 999 |
_c31066 _d31066 |
||